|
|
|
|
| LEADER |
00000naa2a2200000 4500 |
| 001 |
431492 |
| 005 |
20231101075405.0 |
| 035 |
|
|
|a (RuTPU)RU\TPU\prd\91622
|
| 035 |
|
|
|a RU\TPU\prd\18535
|
| 090 |
|
|
|a 431492
|
| 100 |
|
|
|a 20101201a2003 k y0rusy50 ca
|
| 101 |
0 |
|
|a rus
|
| 102 |
|
|
|a RU
|
| 200 |
1 |
|
|a Квантовая динамика и статистика бозе-конденсата, генерируемого атомным лазером
|f А. В. Козловский
|
| 225 |
1 |
|
|a Атомы, спектры, излучение
|
| 320 |
|
|
|a Библиогр.: 36 назв.
|
| 461 |
|
1 |
|0 (RuTPU)RU\TPU\prd\1443
|x 0044-4510
|t Журнал экспериментальной и теоретической физики
|l ЖЭТФ
|f Российская академия наук (РАН) ; Отделение физических наук РАН
|d 1931-
|
| 463 |
|
1 |
|0 (RuTPU)RU\TPU\prd\91621
|t Т. 123, вып. 6
|v с. 1131-1144
|d 2003
|
| 610 |
1 |
|
|a квантовая динамика
|
| 610 |
1 |
|
|a статистика
|
| 610 |
1 |
|
|a бозе-конденсат
|
| 610 |
1 |
|
|a атомный лазер
|
| 610 |
1 |
|
|a охлаждение
|
| 610 |
1 |
|
|a атомные резервуары
|
| 610 |
1 |
|
|a ловушки
|
| 610 |
1 |
|
|a генерация
|
| 700 |
|
1 |
|a Козловский
|b А. В.
|
| 801 |
|
1 |
|a RU
|b 63413507
|c 20031016
|g PSBO
|
| 801 |
|
2 |
|a RU
|b 63413507
|c 20101201
|g RCR
|
| 942 |
|
|
|c BK
|